Miami International Airport Destinations (Miami, FL, USA) - Statistics

General Stats
  • This quiz has been taken 541 times
    302 since last reset
  • The average score is 136 of 198
Answer Stats
Airline Destination % Correct
KLM Amsterdam
96%
American Airlines/Delta Air Lines/Frontier Airlines/Southwest Airlines Atlanta
95%
Air France/American Airlines Paris (Charles de Gaulle)
95%
French Bee Paris (Orly)
95%
American Airlines/Delta Air Lines/Frontier Airlines/JetBlue Boston
94%
Norse Atlantic Airways London (Gatwick)
94%
American Airlines/British Airways/Virgin Atlantic London (Heathrow)
94%
American Airlines/Avianca/Emirates/LATAM Chile/LATAM Colombia Bogotá
93%
American Airlines/Frontier Airlines/Spirit Airlines Dallas/Fort Worth
93%
Southwest Airlines Dallas (Love)
93%
American Airlines/LATAM Perú/Sky Airline Peru Lima
93%
American Airlines/Delta Air Lines/JetBlue Los Angeles
93%
Air Europa/American Airlines/Iberia Madrid
93%
Aeroméxico/American Airlines/Volaris Mexico City
93%
American Airlines/Delta Air Lines/Frontier Airlines New York (JFK)
93%
American Airlines/Delta Air Lines/Frontier Airlines/Spirit Airlines New York (LaGuardia)
93%
Southwest Airlines Houston (Hobby)
92%
American Airlines/American Eagle/Frontier Airlines/Spirit Airlines/United Airlines Houston (Intercontinental)
92%
American Airlines/ITA Airways Rome (Fiumicino)
92%
American Airlines/Level Barcelona
91%
Frontier Airlines/Southwest Airlines Chicago (Midway)
91%
American Airlines/Spirit Airlines/United Airlines Chicago (O'Hare)
91%
Aer Lingus Dublin
91%
American Airlines/Delta Air Lines/Havana Air Havana
91%
TAP Air Portugal Lisbon
91%
American Airlines/LATAM Brasil São Paulo (Guarulhos)
91%
Alaska Airlines/American Airlines/Delta Air Lines Seattle/Tacoma
91%
Air Canada/American Airlines/Sunwing Airlines Montréal (Trudeau)
90%
American Airlines San Diego
90%
American Airlines/Avianca Costa Rica/Frontier Airlines/Volaris Costa Rica/Volaris El Salvador San Jose (CR)
90%
Air Canada Rouge/American Airlines/Porter Airlines/Sunwing Airlines Toronto (Pearson)
90%
American Airlines/Frontier Airlines/Southwest Airlines Austin
89%
Aerolíneas Argentinas/American Airlines Buenos Aires (Ezeiza)
89%
Aeroméxico/American Airlines/Frontier Airlines/LATAM Chile Cancún
89%
American Airlines/Frontier Airlines/Spirit Airlines Charlotte
89%
American Airlines/Frontier Airlines/Southwest Airlines/United Airlines Denver
89%
Emirates Dubai (International)
89%
Condor/Lufthansa Frankfurt
89%
American Airlines/Delta Air Lines/Southwest Airlines Orlando
89%
American Airlines/Frontier Airlines/Spirit Airlines Philadelphia
89%
American Airlines/United Airlines San Francisco
89%
American Airlines/American Eagle Jacksonville (FL)
88%
American Airlines/American Eagle/Southwest Airlines/Spirit Airlines New Orleans
88%
American Airlines/Copa Airlines Panama City (Tocumen)
88%
American Airlines Phoenix (Sky Harbor)
88%
Alaska Airlines/American Airlines Portland (OR)
88%
American Airlines/LATAM Chile Santiago de Chile
88%
American Airlines/American Eagle Tampa
88%
Frontier Airlines/United Airlines Washington (Dulles)
88%
American Airlines/Delta Air Lines Washington (National)
88%
Lufthansa Munich
87%
American Airlines/American Eagle/Southwest Airlines/Spirit Airlines Nashville
87%
American Airlines/American Eagle/Bahamasair Nassau
87%
American Airlines/JetBlue/Spirit Airlines/United Airlines Newark
87%
American Airlines/American Eagle/Frontier Airlines/Southwest Airlines/Spirit Airlines Baltimore
86%
American Airlines/Delta Air Lines Detroit
86%
American Airlines/Frontier Airlines/Spirit Airlines Las Vegas
86%
American Airlines/American Eagle/Spirit Airlines San Antonio
86%
American Airlines/Delta Air Lines/Spirit Airlines/Sun Country Airlines Minneapolis/St. Paul
85%
American Airlines/LATAM Ecuador Quito
85%
Air Canada Vancouver
85%
American Airlines/American Eagle Birmingham (AL)
84%
American Eagle/Frontier Airlines Cincinnati
84%
American Airlines/American Eagle/Frontier Airlines Cleveland
84%
American Airlines/American Eagle/Southwest Airlines Kansas City
84%
American Airlines/American Eagle Memphis
84%
American Airlines/American Eagle/Delta Air Lines/Delta Connection/Frontier Airlines Raleigh/Durham
84%
Swiss International Air Lines Zurich
84%
American Airlines/American Eagle/Southwest Airlines Indianapolis
83%
Turkish Airlines Istanbul
83%
American Eagle Milwaukee
83%
American Airlines/Southwest Airlines Pittsburgh
83%
American Airlines/American Eagle/Southwest Airlines St. Louis
83%
Scandinavian Airlines Stockholm (Arlanda)
83%
Scandinavian Airlines Copenhagen
82%
Finnair Helsinki
82%
Norse Atlantic Airways Oslo
82%
American Airlines/Delta Air Lines Salt Lake City
82%
American Eagle/Southwest Airlines Columbus (Glenn)
81%
Qatar Airways Doha
81%
American Airlines/Avianca Costa Rica/Frontier Airlines Guatemala City
81%
American Eagle Oklahoma City
81%
American Airlines/Arajet/Eastern Airlines/Frontier Airlines/RED Air/Sky High Santo Domingo (Las Américas)
81%
LOT Polish Airlines Warsaw (Chopin)
81%
Gol Linhas Aéreas Brasília
80%
American Airlines Louisville
80%
American Airlines/Avianca El Salvador/Volaris El Salvador San Salvador
80%
Bahamasair San Salvador (Bahamas)
80%
Aeroméxico/Volaris Guadalajara
79%
Norse Atlantic Airways Berlin
78%
Aeroméxico/American Eagle/Viva/Volaris Monterrey
78%
American Airlines/Frontier Airlines/Spirit Airlines San Juan
78%
American Airlines/American Eagle Charleston (SC)
76%
American Airlines/Frontier Airlines Kingston (Norman Manley)
76%
American Airlines/Avianca/LATAM Colombia Medellín (JMC)
76%
American Eagle Buffalo
75%
American Airlines Port-au-Prince
74%
Icelandair Reykjavík
74%
El Al Tel Aviv
74%
American Eagle Albany
73%
Royal Air Maroc Casablanca
73%
American Airlines Sacramento
73%
American Airlines Richmond
72%
American Eagle George Town
71%
American Airlines/Surinam Airways Georgetown (Cheddi Jagan)
71%
American Airlines/American Eagle Omaha
70%
American Airlines/Caribbean Airlines Port of Spain
70%
American Airlines/Surinam Airways Aruba
69%
American Airlines/Avianca Cali
69%
American Airlines/Frontier Airlines/JetBlue Hartford
68%
American Airlines Montevideo
68%
American Airlines/Arajet/Frontier Airlines/LATAM Chile/Sky High Punta Cana
68%
American Airlines/American Eagle Savannah
68%
American Airlines St. Kitts
68%
American Airlines St. Lucia (Hewanorra)
68%
American Eagle Des Moines
67%
American Eagle Key West
67%
American Eagle Tulsa
67%
American Airlines Antigua
66%
American Airlines Belize City
66%
American Airlines/Avianca El Salvador Managua
66%
American Airlines St. Vincent (Argyle)
66%
American Eagle Tallahassee
64%
American Airlines/American Eagle Knoxville
63%
Surinam Airways Paramaribo
63%
American Airlines Tegucigalpa/Comayagua
63%
American Eagle Grand Rapids
62%
American Eagle Little Rock
62%
American Eagle Rochester (NY)
62%
American Airlines/Avianca Cartagena
61%
American Airlines/Frontier Airlines Montego Bay
61%
American Airlines Barbados
60%
American Airlines/Cayman Airlines Grand Cayman
60%
American Airlines Guayaquil
60%
American Eagle Columbia (SC)
59%
American Eagle Madison
59%
American Airlines/American Eagle Norfolk
59%
American Airlines Rio de Janeiro (Galeao)
59%
American Airlines St. Maarten
59%
American Airlines Bermuda
58%
Gol Linhas Aéreas Manaus
58%
American Eagle Pensacola
58%
American Eagle Syracuse
58%
American Eagle Wichita
58%
American Airlines/Surinam Airways Curaçao
57%
American Eagle Greensboro
57%
American Eagle Lexington
57%
American Airlines Grenada
55%
American Eagle Asheville
54%
American Airlines/Viva Mérida
54%
American Airlines St. Thomas
54%
American Eagle Wilmington (NC)
54%
American Eagle Springfield/Branson
53%
American Airlines/Avianca Barranquilla
52%
American Eagle Chattanooga
52%
American Airlines Liberia (CR)
51%
Boliviana de Aviación Santa Cruz de la Sierra (Viru Viru)
51%
Gol Linhas Aéreas/LATAM Brasil Fortaleza
50%
American Airlines Bonaire
49%
American Eagle Dominica (Douglas-Charles)
49%
American Eagle Greenville/Spartanburg
49%
American Eagle Freeport
48%
Southwest Airlines Long Island/Islip
48%
American Airlines Providenciales
47%
American Airlines/Volaris El Salvador San Pedro Sula
47%
Gol Linhas Aéreas Belém
46%
American Airlines Cozumel
46%
American Eagle Gainesville
46%
American Eagle Huntsville
46%
American Airlines Tulum
45%
American Eagle Fayetteville/Bentonville
44%
American Eagle Anguilla
42%
American Airlines St. Croix
41%
American Airlines Puerto Plata
39%
American Eagle Fort-de-France
37%
American Airlines/Havana Air Holguín
37%
American Eagle Cedar Rapids/Iowa City
35%
American Airlines Roatan
34%
Frontier Airlines Aguadilla
33%
Air France/American Eagle Pointe-à-Pitre
33%
American Eagle White Plains
33%
American Eagle Marsh Harbour
30%
American Airlines Camagüey
29%
American Airlines/RED Air La Romana
29%
American Airlines Santiago de Cuba
29%
American Airlines Varadero
29%
American Airlines Eagle/Vail
28%
American Airlines/Sky High Santiago de los Caballeros
28%
American Airlines/Havana Air Santa Clara
27%
Avianca Bucaramanga
26%
Sunrise Airways Cap-Haïtien
23%
Cayman Airways Cayman Brac
23%
American Eagle Ocho Rios
22%
American Eagle North Eleuthera
18%
Avianca Santa Marta
16%
American Eagle Governor's Harbour
14%
American Eagle Tortola
14%
American Eagle South Caicos
8%
No matching quizzes found
Score Distribution
Percent of People with Each Score
Percentile by Number Answered
Your Score History
You have not taken this quiz since the last reset